| 000 | 00456nam a22001697a 4500 | ||
|---|---|---|---|
| 003 | CEME | ||
| 005 | 20210628205803.0 | ||
| 008 | 210316b xxu||||| |||| 00| 0 eng d | ||
| 040 | _c. | ||
| 082 | _a928 KAS | ||
| 100 |
_aDr. Syed Abu Alkher Kashfi _977033 |
||
| 245 | _aYah log bhai ghazab thay khakay aur shakhsi mutalay | ||
| 260 |
_aLAHORE _bFEROZE SONS _c1996 |
||
| 300 | _a150P | ||
| 650 |
_aURDU ADAB-WRITERS-BIOGRAPHIES _977034 |
||
| 942 |
_cBK _2ddc |
||
| 999 |
_c582350 _d582350 |
||